Isolation of indigenous palm oil-utilising Pseudomanas spp. and screening for polyhydroxyalkanoates (PHAs) production /
Saved in:
| Main Author: | |
|---|---|
| Format: | Thesis Book |
| Language: | English |
| Published: |
2004.
|
| Subjects: | |
| Tags: |
Add Tag
No Tags, Be the first to tag this record!
|
| LEADER | 00826cam a2200205 a 4500 | ||
|---|---|---|---|
| 001 | u700164 | ||
| 003 | SIRSI | ||
| 008 | 041223s2004 my a t 00 0 eng m | ||
| 040 | |a UMM | ||
| 090 | |a TP248.15 |b UM 2004 Won | ||
| 100 | 1 | 0 | |a Wong, Pui Hong. |
| 245 | 1 | 0 | |a Isolation of indigenous palm oil-utilising Pseudomanas spp. and screening for polyhydroxyalkanoates (PHAs) production / |c Wong Pui Hong. |
| 260 | |c 2004. | ||
| 300 | |a xvi, 100 leaves : |b ill. ; |c 30 cm. | ||
| 502 | |a Dissertation (M.Biotech.) -- Institut Pengajian Siswazah, Universiti Malaya, 2004. | ||
| 504 | |a Bibliography: leaves 83-90. | ||
| 650 | 0 | |a Poly-beta-hydroxyalkanoates. | |
| 710 | 2 | 0 | |a Universiti Malaya. |b Institut Pengajian Siswazah. |
| 596 | |a 1 | ||
| 999 | |a TP248.15 UM 2004 WON |w LC |c 1 |i A511704926 |d 10/8/2006 |f 10/8/2006 |g 1 |l STACKS |m P01UTAMA |r Y |s Y |t TESIS |u 29/12/2004 | ||
